400 SAUUS,DIPS,DRESSINGS (Record no. 8090)

MARC details
000 -LEADER
fixed length control field 00329nam a22001457a 4500
020 ## - INTERNATIONAL STANDARD BOOK NUMBER
International Standard Book Number 13-978-1-84681-071-8
082 ## - DEWEY DECIMAL CLASSIFICATION NUMBER
Classification number 641.6
Item number ATK
100 ## - MAIN ENTRY--PERSONAL NAME
Personal name ATKINSON,C
245 ## - TITLE STATEMENT
Title 400 SAUUS,DIPS,DRESSINGS
250 ## - EDITION STATEMENT
Edition statement 1ST
260 ## - PUBLICATION, DISTRIBUTION, ETC. (IMPRINT)
Place of publication, distribution, etc WIGSTON
Name of publisher, distributor, etc ANNES PUBLISHER
Year of Publication 2011
300 ## - PAGE DESCRIPTION
No. of Pages 510
650 ## - SUBJECT ADDED ENTRY--TOPICAL TERM
Topical term or geographic name as entry element HOTEL MANAGEMENT
942 ## - ADDED ENTRY ELEMENTS (KOHA)
Source of classification or shelving scheme Dewey Decimal Classification
Koha item type Books
Holdings
Withdrawn status Lost status Source of classification or shelving scheme Damaged status Not for loan Collection code Home library Current library Date acquired Vendor Name Cost, normal purchase price Volume Information (Serial or Books or Non-Book Material) SGTU Bill Number Total Checkouts Full call number Accession No. (Barcode) Date last seen Date last borrowed Bill Date Koha item type Shelving location
    Dewey Decimal Classification     HOTEL MANAGEMENT SGT Science & Social Sciences Library SGT Science & Social Sciences Library 12/10/2015 JINDAL BOOK SERVICE 995.00 1775 SGTU 1775 8 641.6 ATK HM567 20/11/2019 02/11/2019 07/09/2015 Books  
    Dewey Decimal Classification   Not For Loan HOTEL MANAGEMENT SGT Science & Social Sciences Library SGT Science & Social Sciences Library 12/10/2015 JINDAL BOOK SERVICE 995.00 1775 SGTU 1775   641.6 ATK HM568 12/10/2015   07/09/2015 Books Reference Book